Normal view
MARC view
- Supervisor: Dr. Muhammad Latif Anjum
Entry Personal Name
001 - CONTROL NUMBER
- control field: 120853
003 - CONTROL NUMBER IDENTIFIER
- control field: NUST
005 - DATE AND TIME OF LATEST TRANSACTION
- control field: 20240220151025.0
008 - FIXED-LENGTH DATA ELEMENTS
- fixed length control field: 240220|| aca||aabn | a|a d
040 ## - CATALOGING SOURCE
- Original cataloging agency: NUST
- Transcribing agency: NUST
100 ## - HEADING--PERSONAL NAME
- Personal name: Supervisor: Dr. Muhammad Latif Anjum
670 ## - SOURCE DATA FOUND
- Source citation: Work cat.: (NUST): Rasool, Momen 120852, Multisensor Fusion for Visual Inertial Odometry/
